Podi del Festival di Sanremo - anni 2000 - Statistics

Statistiche generali
  • Questo quiz è stato fatto 267 volte
  • Il punteggio medio è 20 su 32
Statistiche sulle risposte
Anno Posizione Canzone Artista % Corretto
2001 Primo Luce (Tramonti a nord est) Elisa
96%
2005 Primo Angelo Francesco Renga
93%
2007 Primo Ti regalerò una rosa Simone Cristicchi
92%
2001 Secondo Di sole e d'azzurro Giorgia
90%
2006 Primo Vorrei avere il becco Povia
90%
2009 Secondo Luca era gay Povia
90%
2009 Primo La forza mia Marco Carta
85%
2004 Primo L'uomo volante Marco Masini
83%
2003 Secondo 7000 caffè Alex Britti
78%
2008 Primo Colpo di fulmine Lola Ponce
73%
2001 Terzo Questa nostra grande storia d'amore Matia Bazar
72%
2002 Primo Messaggio d'amore Matia Bazar
72%
2002 Secondo Dimmi come... Alexia
71%
2003 Primo Per dire di no Alexia
71%
2008 Primo Colpo di fulmine Giò Di Tonno
70%
2006 Terzo Essere una donna Anna Tatangelo
69%
2008 Secondo Il mio amico Anna Tatangelo
69%
2000 Primo Sentimento Piccola orchestra Avion Travel
66%
2000 Secondo La tua ragazza sempre Irene Grandi
59%
2007 Secondo Nel perdono Al Bano
56%
2008 Terzo Eppure mi hai cambiato la vita Fabrizio Moro
50%
2000 Terzo Innamorato Gianni Morandi
48%
2003 Terzo Tutto quello che un uomo Sergio Cammariere
41%
2006 Secondo Dove si va Nomadi
39%
2005 Secondo Come noi nessuno al mondo Toto Cutugno
35%
2009 Terzo Non riesco a farti innamorare Sal da Vinci
34%
2005 Secondo Come noi nessuno al mondo Annalisa Minetti
33%
2005 Terzo Echi d'infinito Antonella Ruggiero
32%
2004 Terzo Aria, sole, terra e mare Linda
32%
2002 Terzo Un altro amore Gino Paoli
30%
2004 Secondo Sei la mia vita Mario Rosini
23%
2007 Terzo Schiavo d'amore Piero Mazzocchetti
21%
Nessun quiz corrispondente trovato
Distribuzione punteggi
Percentuale di utenti per punteggio
Percentile per numero di risposta
I tuoi punteggi nel tempo
Non hai fatto questo quiz